[Event "Porto Mannu op"]
[Site "Porto Mannu"]
[Date "2008.05.18"]
[Round "2"]
[White "Diotallevi, Maurizio"]
[Black "Troiani, Carlo"]
[Result "1-0"]
[WhiteElo "2096"]
[BlackElo "1791"]
[PlyCount "59"]
[EventDate "2008.05.17"]
[EventType "swiss"]
[EventRounds "9"]
[EventCountry "ITA"]
[SourceTitle "CBM 124 Extra"]
[Source "ChessBase"]
[SourceDate "2008.07.03"]
[SourceVersion "1"]
[SourceVersionDate "2008.07.03"]
[SourceQuality "1"]

1. d4 d5 2. c4 Nf6 3. cxd5 Nxd5 4. Nf3 e6 5. e4 Nb6 6. Be3 Be7 7. Nc3 0-0 8. Bd3 N8d7 9. 0-0 c6 10. Rc1 Nf6 11. Bb1 Bd7 12. Qd3 g6 13. h3 Nh5 14. Bh6 Ng7 15. e5 Nd5 16. Ne4 Re8 17. g4 Bb4 18. a3 Ba5 19. Bg5 Qb8 20. Nf6+ Nxf6 21. exf6 Nf5 22. gxf5 exf5 23. Ne5 Be6 24. Qg3 Bd5 25. Bf4 Qc8 26. Qh4 Re6 27. Bxf5 gxf5 28. Qg5+ Kf8 29. Qg7+ Ke8 30. Qg8# 1-0

[Event "Perla del Sarcidano op 2nd"]
[Site "Laconi"]
[Date "2006.08.09"]
[Round "7"]
[White "Setzu, Francesco"]
[Black "Troiani, Carlo"]
[Result "1-0"]
[WhiteElo "1610"]
[BlackElo "1619"]
[PlyCount "51"]
[EventDate "2006.08.05"]
[EventType "swiss"]
[EventRounds "4"]
[EventCountry "ITA"]
[SourceTitle "EXT 2024"]
[Source "ChessBase"]
[SourceDate "2023.10.10"]
[SourceVersion "1"]
[SourceVersionDate "2023.10.10"]
[SourceQuality "1"]

1. d4 d5 2. Nf3 Nf6 3. h3 e6 4. e3 c5 5. c3 Nc6 6. Bd3 c4 7. Bc2 Bd6 8. Nbd2 0-0 9. 0-0 Bc7 10. e4 h6 11. e5 Ne8 12. Nh2 f6 13. f4 fxe5 14. fxe5 Rxf1+ 15. Qxf1 Bb6 16. Ndf3 Nc7 17. Qf2 Bd7 18. Qg3 Kf8 19. Ng4 Ne7 20. Bxh6 gxh6 21. Nxh6 Ne8 22. Rf1 Ng7 23. Ng5+ Nef5 24. Nh7+ Ke8 25. Qg6+ Ke7 26. Qf7# 1-0

[Event "Perla del Sarcidano op 2nd"]
[Site "Laconi"]
[Date "2006.08.06"]
[Round "2"]
[White "Troiani, Carlo"]
[Black "Paulesu, Sebastiano"]
[Result "1/2-1/2"]
[WhiteElo "1619"]
[BlackElo "1862"]
[PlyCount "69"]
[EventDate "2006.08.05"]
[EventType "swiss"]
[EventRounds "4"]
[EventCountry "ITA"]
[SourceTitle "CBM 113 Extra"]
[Source "ChessBase"]
[SourceDate "2006.09.14"]
[SourceVersion "1"]
[SourceVersionDate "2006.09.14"]
[SourceQuality "1"]

1. e4 d5 2. exd5 Nf6 3. d4 Nxd5 4. Nf3 g6 5. Be2 Bg7 6. c3 c6 7. Nbd2 Nf4 8. 0-0 Nxe2+ 9. Qxe2 0-0 10. Ne4 Nd7 11. Bf4 Nf6 12. Nxf6+ exf6 13. Rfe1 Be6 14. a3 Re8 15. Qd2 Qa5 16. h3 Qd5 17. Nh2 g5 18. Be3 h5 19. f3 Kh7 20. Re2 Rh8 21. Rae1 b5 22. Qd1 Bf8 23. Bc1 Bd6 24. Nf1 Bc7 25. Re4 Kg7 26. Qd2 Rag8 27. Qf2 f5 28. R4e2 g4 29. fxg4 hxg4 30. h4 Qd6 31. g3 Re8 32. Bf4 Qd7 33. Be5+ Bxe5 34. Rxe5 Rh6 35. Ne3 1/2-1/2